000 00803nam a2200229Ia 4500
003 OSt
005 20220927105808.0
006 a|||||r|||| 00| 0
007 ta
008 220926b |||||||| |||| 00| 0 eng d
024 _a203417
037 _cReference Collections
040 _aRTL
_cRTL
_beng
041 _2eng
_aeng
082 _a"X9(D66).2s, Q4/GD"
100 _a"INDIA, POWER (M/-o), CENTRAL ELECTRICITY AUTHORITY"
_9375079
245 0 _aAll India Electricity Statistics
_b" General Review 2014, Containing Data for the year 2012-13"
260 _aNew
_b"Delhi, Central Electricity Authority, "
_c2014
300 _a"xv, 262p."
_ccm.
942 _h"X9(D66).2s, Q4/GD"
_cCC
999 _c694707
_d694707